000 01734nam a2200325 a 4500
003 Mxchpua
005 20250806092235.0
007 ta
008 250731s2024 mx bdeofs|||| 001 0 spa d
040 _amxchpua
090 _aT.C.991
_bL36 EIUPA
_c2024
245 1 _aJamones de Serón Cortijo de Canata, S.L /
_ccoordinadores Patricia Landa Salgado y Bernabé Laureano López ; colaboradores Tzel Alit Altamirano Molina...[y otros]
260 _aChapingo, México :
_bEl autor,
_c2024
300 _a1 recurso en línea (127 páginas) :
_bilustraciones, tablas, gráficas, mapas, planos, fotografías
336 _2rdacontent
_aTexto
_btxt
337 _2rdamedia
_acomputadora
_bc
338 _2rdacarrier
_arecurso en línea
_bcr
500 _aGrado: 7° año Grupo: 04 Planos incluidos en el reporte
502 _aViaje de Estudios
_b(EIUPA) --
_cUACh. Departamento de Ingeniería Agroindustrial,
_d2024
504 _aBibliografía: páginas 85-94
505 0 _a4 planos : -- 1. Plano de distribución de áreas Planta baja (Esc. 1:125) -- 2. Plano de distribución de áreas Primera planta (Esc. 1:125) -- 3. Plano de distribución de equipos (Esc. 1:125) -- 4. Diagrama de recorrido (Esc. 1:125)
650 1 3 _aJamón
_961036
_xIndustria y comercio
_zEspaña
650 1 3 _aIndustria del ganado y de la carne
_z España
_9139922
650 1 3 _aHam
_9158999
_xIndustry and trade
_zEspaña
650 1 3 _aLivestock and meat industry
_9147938
_zSpain
700 1 _aLanda Salgado, Patricia
_9148104
_ecoordinadora
700 1 _aLaureano López, Bernabé
_965112
_ecoordinador
700 1 _aAltamirano Molina, Tzel Alit
_9189881
_ecolaborador
856 4 1 _yDESCARGAR REPORTE
_uhttp://10.13.5.2/ve/TC991_EIUPA/TC991_EIUPA_2025-REPORTE.pdf
999 _c220773
_d220773